00445 a2200145 4500010001400000020001500014035001300029037001800042082001100060245011700071260004400188300002500232700002500257710001700282 aENG-85525 c300.00a28 aEN-69058 bD.B.Act / Pub14a808.881 aArignar Anna's essays editorials epistles & satiresccompiled and edited by M. S. Venkatachalam and M. Natrajan aChennaibTamil Arasi Publicationsc2005 a663 p.c22 cm (Pbk.)1 aVenkatachalam, M. S.1 aNatrajan, M.